| 000 | 00448nam a2200157 i 4500 | ||
|---|---|---|---|
| 001 | 80998 | ||
| 003 | ES-MaACL | ||
| 005 | 20230906174338.0 | ||
| 007 | t| | ||
| 008 | 041102s1969 sp ||||1| spa d | ||
| 100 | 1 |
_aHortelano, Antonio. _964262 |
|
| 245 | 1 | 0 |
_aMoral responsable _b: conciencia moral cristiana / _cAntonio Hortelano. |
| 260 |
_aSalamanca : _bSÃgueme, _c1969. |
||
| 300 |
_a355 p. ; _c19 cm. |
||
| 852 |
_aES-MaACL _jC-36480 _bR.69386 |
||
| 999 |
_c80998 _d80998 |
||